Normal view
MARC view
- LOCAL AREA NETWORKS WIRLESS COMMUNICATION SYSTEM LAN STANDARDS AND APPLICATIONS LAN APPLICATIONS-WIRLESS
Entry Topical Term
001 - CONTROL NUMBER
- control field: 56717
003 - CONTROL NUMBER IDENTIFIER
- control field: NUST
005 - DATE AND TIME OF LATEST TRANSACTION
- control field: 20210628201748.0
008 - FIXED-LENGTH DATA ELEMENTS
- fixed length control field: 210628|| aca||aabn | a|a d
040 ## - CATALOGING SOURCE
- Original cataloging agency: NUST
- Transcribing agency: NUST
150 ## - HEADING--TOPICAL TERM
- Topical term or geographic name entry element: LOCAL AREA NETWORKS WIRLESS COMMUNICATION SYSTEM LAN STANDARDS AND APPLICATIONS LAN APPLICATIONS-WIRLESS
670 ## - SOURCE DATA FOUND
- Source citation: Work cat.: (NUST): Santamaria, Asuncion Lopez-Hernandez, Francisco.J 56716, Wirless lan standards and applications, 2001
